Economics and management of networks : franchising, strategic alliances, and cooperatives /

Guardado en:
Otros Autores: Cliquet, Gérard. (Editor )
Formato: Libro
Idioma:English
Publicado: New York : Springer, 2007.
Edición:1st ed.
Series:Contributions to management science
Materias:
Etiquetas: Agregar Etiqueta
Sin Etiquetas, Sea el primero en etiquetar este registro!
LEADER 03288cam a22002535a 4500
001 EEO.eeo001026
008 061117s2007####nyu####g######000#0#eng##
005 20160401110010.0
245 1 0 |a Economics and management of networks :  |b franchising, strategic alliances, and cooperatives /  |c Gerard Cliquet ... [et. al.] (editors). 
250 |a 1st ed. 
260 |a New York :  |b Springer,  |c 2007. 
300 |a 465 p. ;  |c 23 cm. 
440 0 |a Contributions to management science 
505 0 |a Plural form in franchising : an incomplete contracting approach / Hendrikse, George ; Kiang, Tao -- Franchisee versus company ownership - a empirical analyss of franchisor profit / Ehrmann, Thomas, 1958- ; Spranger, George -- Existence of the plural form within franchised networks : some early results from the US and french markets / Perrigot, Rozenn ; Cliquet, Gérard -- The governance structure of franchising firms : a property rights approach / Windsperger, Josef ; Yurdakul, Askin -- Governance inseparability in franchising : multi-case study in France and Brazil / Azevedo, Paulo F. ; Silva, Vivian L. S. -- Entrepreneurial autonomy, incentives, and relational governance in franchise chains / Cochet, Olivier ; Dormann, Julian ; Ehrmann, Thomas, 1958- -- Beneficially constraining franchisor's power / Ehrmann, Thomas, 1958- ; Spranger, Georg -- A cointegration analysis of the correlates of perfomance in franchised channels / Dant, Rajiv P. ; Kacker, Manish ; Coughlan, Anne T. ; Emerson, Jamie -- Franchised network efficiency : a DEA application to US networks / Barros, Carlos Pestana ; Perrigot, Rozenn -- Franchising as entrepreneurial activity : finnish SME policy perspective / Tuunanen, Mika -- Creating franchised businesses through franchisee training program - empirical evidence form a follow-up study / Torikka, Jenni -- Understanding strategic interactions in Franchise relationships / Croonen, Evelien -- Administrative and social factors in the governance structure of european R&D networks / Arranz, Nieves ; Fernández de Arroyabe, Juan Carlos, 1958- -- Firm and industrial organization frontiers : an empirical model of inter-firm network in the winter sports industry / Bocquet, Rachel -- The influence of financial institutions and investor behaviour on company management practice / Nisar, Tahir M. -- International audit firms as strategic networks - the evolution of global professional service firms / Lenz, Hansrudi, 1955- ; James, Marianne L. -- International joint venture performance : impact of performance measures and foreign parent, targe country and investment specific variables on perfomance / Larimo, Jorma -- Orientation in diversification behavior of cooperatives : an agent-based approach / Hendrikse, George ; Smit, Ruud ; La Vieter, Mark de -- Organization and strategy of farmer specialized cooperatives inChina / Hu, Yamei ; Huang, Suhui, 1952- ; Hendrikse, George ; Xu, Xuchu. 
020 |z 9783790817577 
700 1 |a Cliquet, Gérard.  |4 edt 
650 7 |a Organización de la empresa.  |2 Isoc 
650 7 |a Estrategia empresarial.  |2 Isoc 
650 7 |a Franquicia.  |2 Isoc 
650 7 |a Cooperativas.  |2 Isoc 
650 7 |a Capital riesgo.  |2 Isoc 
010 |a  2006938808 
040 |a DLC  |c DLC 
859 |a AR-BaUEB  |b BIB. ECONOMIA - General  |h 338.7  |i C618  |p e13961